000 00648nam a2200181Ia 4500
008 090123s9999 xx 000 0 und d
082 _b9530
100 _aनाईक वसंत
245 _aजागतिक क्रिकेटचा इतिहास
250 _a1
260 _bबांदोडकर पब्लिशिंग हाऊस
_c1981
300 _a422
600 _aनाईक वसंत
630 _aजागतिक क्रिकेटचा इतिहास
700 _aनाईक वसंत
730 _aजागतिक क्रिकेटचा इतिहास
942 _cBOOK
999 _c47595
_d47595